| 000 | 00524nam a2200205Ia 4500 | ||
|---|---|---|---|
| 005 | 20250326145408.0 | ||
| 008 | 250326s9999 xx 000 0 und d | ||
| 037 | _aTextbook | ||
| 040 |
_aFMSL _beng _cFMSL |
||
| 041 |
_aeng _2eng |
||
| 084 |
_aR44 Q4 _qFMSL |
||
| 100 |
_aShaw W H _9747387 |
||
| 245 | 0 |
_aBusiness ethics _cShaw W H |
|
| 250 | _a8 | ||
| 260 |
_aNew Delhi _bNew Delhi, Cengage Learning _c2014 |
||
| 365 | _b895 | ||
| 650 | _aManagement | ||
| 942 |
_cTB _hR44 Q4 |
||
| 999 |
_c1307436 _d1307436 |
||